Isabel, la reina. (Record no. 189247)

MARC details
000 -LEADER
campo de control de longitud fija 00995nam a2200277 i 4500
001 - NÚMERO DE CONTROL
campo de control 189247
003 - IDENTIFICADOR DE NÚMERO DE CONTROL
campo de control SpMaBN
005 - FECHA Y HORA DE LA ÚLTIMA TRANSACCIÓN
campo de control 20251013194831.0
008 - DATOS DE LONGITUD FIJA--INFORMACIÓN GENERAL
campo de control de longitud fija 190430s2003 sp |||| |bspa d
020 ## - NÚMERO INTERNACIONAL ESTÁNDAR DEL LIBRO
Número Internacional Estándar del Libro 84-9759-940-3
080 ## - NÚMERO DE LA CLASIFICACIÓN DECIMAL UNIVERSAL
Número de la Clasificación Decimal Universal 821.134.2-31"19"
080 ## - NÚMERO DE LA CLASIFICACIÓN DECIMAL UNIVERSAL
Número de la Clasificación Decimal Universal 929 Isabel (460) I (0:82)
100 1# - ENTRADA PRINCIPAL--NOMBRE DE PERSONA
Nombre de persona Irisarri, Ángeles de.
9 (RLIN) 138604
245 10 - MENCIÓN DEL TÍTULO
Título Isabel, la reina.
Número de parte o sección de la obra III,
Nombre de parte o sección de la obra El sabor de las cerezas
Resto del título : [novela] /
Mención de responsabilidad, etc. Ángeles de Irisarri.
250 ## - MENCION DE EDICION
Mención de edición 1ª ed. en este formato.
260 ## - PUBLICACIÓN, DISTRIBUCIÓN, ETC.
Lugar de publicación, distribución, etc. [Barcelona] :
Nombre del editor, distribuidor, etc. Debolsillo,
Fecha de publicación, distribución, etc. 2003.
300 ## - DESCRIPCIÓN FÍSICA
Extensión 348 p. ;
Dimensiones 19 cm.
490 1# - MENCIÓN DE SERIE
Mención de serie Biblioteca Ángeles de Irisarri ;
Designación de volumen o secuencia 3
490 1# - MENCIÓN DE SERIE
Mención de serie Bestseller ;
Designación de volumen o secuencia 546
600 07 - PUNTO DE ACCESO ADICIONAL DE MATERIA--NOMBRE DE PERSONA
Nombre de persona Isabel
Numeración I,
Títulos y otros términos asociados al nombre Reina de Castilla-
Subdivisión de forma Novelas
Fuente del encabezamiento o término
9 (RLIN) 166940
830 0# - PUNTO DE ACCESO ADICIONAL DE SERIE-TÍTULO UNIFORME
Título uniforme Biblioteca Ángeles de Irisarri ;
Designación de volumen o secuencia 3
9 (RLIN) 225802
830 00 - PUNTO DE ACCESO ADICIONAL DE SERIE-TÍTULO UNIFORME
Título uniforme Bestseller (Barcelona)
Designación de volumen o secuencia 546
9 (RLIN) 235724
852 ## - LOCALIZACIÓN
Ubicación ES-MaACL
Número de control de estantería A-14537
itemnumber 196385
Sublocalización o colección R.152084
Ubicación en estantería Depósito 1
Signatura antigua Olim: N-7537
Donativo/Legado Donacion: Editorial
942 ## - ELEMENTOS DE ENTRADA SECUNDARIOS (KOHA)
Fuente del sistema de clasificación o colocación Clasificación decimal universal
Holdings
Estatus retirado Estado de pérdida Fuente del sistema de clasificación o colocación Estado de daño No para préstamo Biblioteca de origen Biblioteca actual Ubicación en estantería Fecha de adquisición Fuente de adquisición Total de préstamos Signatura topográfica completa Código de barras Visto por última vez Precio de reemplazo Tipo de ítem Koha
    Clasificación decimal universal     Biblioteca del Ateneo de Madrid Biblioteca del Ateneo de Madrid Depósito 1 30/04/2019 Donación   A-14537 1200456 23/02/2023 23/02/2023 Libro impreso